Vivencias vienesas (Record no. 186786)

MARC details
000 -LEADER
campo de control de longitud fija 00884nam a2200229 i 4500
001 - NÚMERO DE CONTROL
campo de control 186786
003 - IDENTIFICADOR DE NÚMERO DE CONTROL
campo de control ES-MaACL
005 - FECHA Y HORA DE LA ÚLTIMA TRANSACCIÓN
campo de control 20231212144040.0
008 - DATOS DE LONGITUD FIJA--INFORMACIÓN GENERAL
campo de control de longitud fija 170215s2016 cl aco |||| |aspa d
020 ## - NÚMERO INTERNACIONAL ESTÁNDAR DEL LIBRO
Número Internacional Estándar del Libro 978-956-362-343-7
080 ## - NÚMERO DE LA CLASIFICACIÓN DECIMAL UNIVERSAL
Número de la Clasificación Decimal Universal 929 Guillermo Bown F.
100 1# - ENTRADA PRINCIPAL--NOMBRE DE PERSONA
Nombre de persona Bown F., Guillermo (
Fechas asociadas al nombre 1942-)
9 (RLIN) 161735
245 10 - MENCIÓN DEL TÍTULO
Título Vivencias vienesas
Resto del título : memorias de exilio y otras.
Nombre de parte o sección de la obra Libro I /
Mención de responsabilidad, etc. Guillermo Bown F.
250 ## - MENCION DE EDICION
Mención de edición 1ª ed. en castellano.
260 ## - PUBLICACIÓN, DISTRIBUCIÓN, ETC.
Lugar de publicación, distribución, etc. Viena ;
-- Santiago [de Chile] :
Nombre del editor, distribuidor, etc. [G. Bown F.],
Fecha de publicación, distribución, etc. 2016.
300 ## - DESCRIPCIÓN FÍSICA
Extensión 182 p. :
Otras características físicas il. col. y n., retr. ;
Dimensiones 24 cm.
600 14 - PUNTO DE ACCESO ADICIONAL DE MATERIA--NOMBRE DE PERSONA
Nombre de persona Bown F., Guillermo (
Fechas asociadas al nombre 1942-)
9 (RLIN) 161735
852 ## - LOCALIZACIÓN
Ubicación ES-MaACL
Número de control de estantería A-14030
itemnumber 193843
Sublocalización o colección R.151353
Ubicación en estantería Depósito 1
Signatura antigua Olim: N-7030
Anotaciones manuscritas Dedicatoria autógrafa del autor
Donativo/Legado Donación: Guillermo Bown F.
903 ## - NOMBRE PERSONAL DE DONANTE
9 161735
a Bown F., Guillermo (
d 1942-)
e Donante
942 ## - ELEMENTOS DE ENTRADA SECUNDARIOS (KOHA)
Fuente del sistema de clasificación o colocación Clasificación decimal universal
Tipo de ítem Koha Libro impreso
Holdings
Estatus retirado Estado de pérdida Fuente del sistema de clasificación o colocación Estado de daño No para préstamo Colección Biblioteca de origen Biblioteca actual Ubicación en estantería Fecha de adquisición Fuente de adquisición Total de préstamos Signatura topográfica completa Código de barras Visto por última vez Precio de reemplazo Tipo de ítem Koha Nota pública
    Clasificación decimal universal     Libros con dedicatorias Biblioteca del Ateneo de Madrid Biblioteca del Ateneo de Madrid Depósito 1 15/02/2017 Donación   A-14030 1197022 23/02/2023 23/02/2023 Libro impreso Dedicatoria autógrafa del autor